000 00862cam a2200229 a 4500
001 000014015
005 20200929163434.0
008 850219s1984 uy a b 001 0 spa
040 _aDO-SdBNP
_bspa
_cDLC
_dBNPHU
082 _a324.0985
_bF825d
100 1 _aFranco, Rolando.
_931710
245 1 0 _aDemocracia "a la uruguaya" /
_cRolando Franco.
260 _aMontevideo, (Uruguay) :
_bEl Libro Libre,
_c1984.
300 _a136 p. :
_bil. ;
_c19 cm.
500 _a"Un análisis electoral del período 1925-1984"--Covierta.
504 _aIncluye referencias bibliográficas: p. [137] - [140].
650 4 _aElecciones
_zUruguay
_xHistoria
_ySIGLO XX
_931711
650 4 _aPartidos políticos
_zUruguay
_xHistoria
_ySIGLO XX
_931712
650 4 _aGobierno representativo
_zUruguay
_xHistoria
_ySIGLO XX
_931713
910 _aCatalogación por copia / LC
049 _aBNGR
999 _c13619
_d13619